[Event "XXIX Põlva suveturniir"]
[Site "Põlva"]
[Date "2008.08.17"]
[Round "6"]
[White "Turu, Indrek"]
[Black "Siidirätsep, Endel"]
[Result "1-0"]
[WhiteElo "1790"]
[BlackElo "1946"]
[PlyCount "81"]
[EventDate "2008.08.15"]
[EventRounds "7"]
[SourceDate "2008.08.15"]

1. e4 e6 2. d4 d5 3. Nc3 Bb4 4. e5 Qd7 5. a3 Bxc3+ 6. bxc3 b6 7. Qg4 f5 8. Qg3
Ba6 9. Bxa6 Nxa6 10. Ne2 Qf7 11. Qd3 Nb8 12. c4 c6 13. a4 Ne7 14. a5 bxa5 15.
Rxa5 O-O 16. Ba3 Rd8 17. O-O Qe8 18. Ra1 Qd7 19. Bc5 Nc8 20. Rb1 Qc7 21. Ra2
Rd7 22. Nf4 Kf7 23. Qh3 Qd8 24. Qh5+ Kg8 25. Nxe6 g6 26. Nxd8 gxh5 27. Ne6 a5
28. cxd5 cxd5 29. g3 Nc6 30. h4 Ra6 31. Nf4 Nd8 32. Nxh5 Kf7 33. Nf6 Rc7 34.
Nxd5 Rd7 35. Nf6 Rxf6 36. exf6 Kxf6 37. Rxa5 Ke6 38. Re1+ Kf7 39. Ra8 Nd6 40.
Bxd6 Rxd6 41. Rxd8 1-0

[Event "XXIX Põlva suveturniir"]
[Site "Põlva"]
[Date "2008.08.17"]
[Round "6"]
[White "Sarapik, Kristjan"]
[Black "Tobre, Andres"]
[Result "1-0"]
[WhiteElo "2135"]
[BlackElo "1717"]
[PlyCount "45"]
[EventDate "2008.08.15"]
[EventRounds "7"]
[SourceDate "2008.08.15"]

1. e4 e5 2. Nf3 Nc6 3. Bc4 Nf6 4. d3 Bc5 5. c3 a6 6. Bb3 O-O 7. O-O h6 8. d4
exd4 9. cxd4 Ba7 10. e5 Ne8 11. d5 Ne7 12. Nc3 d6 13. e6 fxe6 14. dxe6 Nf6 15.
Qd3 d5 16. Be3 c5 17. Rad1 Bxe6 18. Qe2 Bg4 19. h3 Bxf3 20. Qxf3 Ng6 21. Nxd5
Nxd5 22. Rxd5 Kh8 23. Rxd8 1-0

[Event "XXIX Põlva suveturniir"]
[Site "Põlva"]
[Date "2008.08.17"]
[Round "6"]
[White "Raidla, Johannes"]
[Black "Popman, Genadi"]
[Result "1-0"]
[WhiteElo "1872"]
[BlackElo "1835"]
[PlyCount "57"]
[EventDate "2008.08.15"]
[EventRounds "7"]
[SourceDate "2008.08.15"]

1. e4 c5 2. f4 Nc6 3. c4 d6 4. Nc3 e6 5. Nf3 g6 6. Be2 Bg7 7. O-O Nge7 8. d3
O-O 9. h3 Nd4 10. g4 Nxe2+ 11. Nxe2 Nc6 12. Rf2 f5 13. Rg2 Qb6 14. Kh1 Bd7 15.
Rb1 Nd4 16. Nexd4 cxd4 17. Qe2 Rae8 18. b3 Bc6 19. Kh2 fxg4 20. hxg4 Qc7 21.
Kg3 e5 22. f5 gxf5 23. gxf5 d5 24. cxd5 Bxd5 25. Kf2 Bc6 26. Bh6 Rf7 27. Rbg1
Ree7 28. f6 Rd7 29. Bxg7 1-0

[Event "XXIX Põlva suveturniir"]
[Site "Põlva"]
[Date "2008.08.17"]
[Round "6"]
[White "Ots, Heikki"]
[Black "Karassev, Vladislav"]
[Result "1/2-1/2"]
[WhiteElo "1962"]
[BlackElo "1543"]
[PlyCount "55"]
[EventDate "2008.08.15"]
[EventRounds "7"]
[SourceDate "2008.08.15"]

1. e4 c5 2. Nc3 d6 3. g3 Nf6 4. Bg2 g6 5. d3 Bg7 6. Nf3 O-O 7. O-O Nc6 8. h3
Rb8 9. Nd5 e6 10. Nxf6+ Bxf6 11. Rb1 b5 12. Bd2 a5 13. c3 Ba6 14. Qc2 b4 15.
Rfe1 Qb6 16. Be3 Rb7 17. Red1 Rfb8 18. d4 b3 19. axb3 Qxb3 20. Qd2 Rb5 21. Bf1
c4 22. Bh6 Bb7 23. Bg2 Ne7 24. Ng5 Ba8 25. Qf4 Bxg5 26. Bxg5 Kf8 27. Qf6 Ng8
28. Qf4 1/2-1/2

[Event "XXIX Põlva suveturniir"]
[Site "Põlva"]
[Date "2008.08.17"]
[Round "6"]
[White "Kass, Viktor"]
[Black "Ojar, Richard"]
[Result "1-0"]
[WhiteElo "1911"]
[BlackElo "1205"]
[PlyCount "21"]
[EventDate "2008.08.15"]
[EventRounds "7"]
[SourceDate "2008.08.15"]

1. e4 e5 2. Nf3 Nc6 3. Bc4 Nf6 4. d3 h6 5. c3 Bd6 6. b4 a6 7. a4 b5 8. axb5 Ne7
9. bxa6 c5 10. b5 Bb8 11. Qb3 1-0

[Event "XXIX Põlva suveturniir"]
[Site "Põlva"]
[Date "2008.08.17"]
[Round "6"]
[White "Narusberg, Peep"]
[Black "Komlev, Heino"]
[Result "1-0"]
[WhiteElo "2006"]
[BlackElo "1792"]
[PlyCount "93"]
[EventDate "2008.08.15"]
[EventRounds "7"]
[SourceDate "2008.08.15"]

1. e4 c5 2. c3 d6 3. d4 Qc7 4. Nf3 g6 5. Be3 Bg7 6. dxc5 dxc5 7. Qb3 Be6 8.
Qb5+ Nd7 9. Ng5 O-O-O 10. Nxe6 fxe6 11. Be2 Qb6 12. Qb3 Qxb3 13. axb3 Kb8 14.
Bc4 e5 15. b4 Bh6 16. Bxh6 Nxh6 17. b5 Nb6 18. Be2 Rd6 19. b3 Rhd8 20. Ra2 c4
21. b4 g5 22. Na3 Ng8 23. h4 Nf6 24. f3 g4 25. Kf2 Rd2 26. Rha1 h5 27. Rxd2
Rxd2 28. Ke3 Rd8 29. Rc1 Kc7 30. Bxc4 Na4 31. Be2 gxf3 32. gxf3 Rg8 33. c4 Nb6
34. Kf2 Rf8 35. c5 Nc8 36. Ke3 Rd8 37. Rg1 Rd4 38. Nc2 Rd8 39. Rg5 Rg8 40. Bc4
Rxg5 41. hxg5 Ne8 42. Ne1 b6 43. Nd3 Ncd6 44. cxd6+ exd6 45. f4 exf4+ 46. Nxf4
Ng7 47. Ne6+ 1-0

[Event "XXIX Põlva suveturniir"]
[Site "Põlva"]
[Date "2008.08.17"]
[Round "7"]
[White "Vorobjov, Pavel"]
[Black "Reiman, Arvo"]
[Result "1/2-1/2"]
[WhiteElo "2257"]
[BlackElo "2196"]
[PlyCount "85"]
[EventDate "2008.08.15"]
[EventRounds "7"]
[SourceDate "2008.08.15"]

1. e4 Nf6 2. e5 Nd5 3. g3 d6 4. exd6 exd6 5. Bg2 Nf6 6. Ne2 Be7 7. O-O O-O 8.
b3 c6 9. Bb2 Nbd7 10. d3 Re8 11. Nd2 Ne5 12. h3 Bf8 13. Re1 Ng6 14. Ne4 Nd5 15.
Qd2 Nc7 16. Nf4 d5 17. Nxg6 hxg6 18. Ng5 Ne6 19. h4 f6 20. Nf3 a5 21. d4 a4 22.
Qd3 a3 23. Bc3 Kf7 24. h5 gxh5 25. Nh4 Ke7 26. Bh3 Kd6 27. Re3 Ng5 28. Bxc8
Rxc8 29. Nf5+ Kc7 30. Ba5+ b6 31. Qa6 Rb8 32. Qa7+ Kc8 33. Bxb6 Rxb6 34. Rxe8
Qxe8 35. Qxb6 Nf3+ 36. Kg2 Nd2 37. Kg1 Nf3+ 38. Kg2 Qe4 39. Qxc6+ Kd8 40. Qa8+
Kd7 41. Qxf8 Nxd4+ 42. Kg1 Nf3+ 43. Kf1 1/2-1/2

[Event "XXIX Põlva suveturniir"]
[Site "Põlva"]
[Date "2008.08.17"]
[Round "7"]
[White "Ðvõrjov, Igor"]
[Black "Turu, Indrek"]
[Result "1-0"]
[WhiteElo "2423"]
[BlackElo "1790"]
[PlyCount "45"]
[EventDate "2008.08.15"]
[EventRounds "7"]
[SourceDate "2008.08.15"]

1. d4 d5 2. Nf3 Nf6 3. Bg5 e6 4. e3 c6 5. Nbd2 Nbd7 6. Bd3 Be7 7. O-O O-O 8. c3
Re8 9. Ne5 c5 10. f4 h6 11. Bh4 b6 12. Nc6 Qc7 13. Nxe7+ Rxe7 14. g4 Kf8 15. g5
hxg5 16. Bxg5 Re8 17. Nf3 Bb7 18. Ne5 Ke7 19. Bb5 Bc8 20. f5 Nxe5 21. dxe5 Qxe5
22. Bf4 Qe4 23. Bd3 1-0

[Event "XXIX Põlva suveturniir"]
[Site "Põlva"]
[Date "2008.08.17"]
[Round "7"]
[White "Kool, Lauri"]
[Black "Teelem, Lauri"]
[Result "1-0"]
[WhiteElo "2091"]
[BlackElo "2140"]
[PlyCount "55"]
[EventDate "2008.08.15"]
[EventRounds "7"]
[SourceDate "2008.08.15"]

1. e4 d5 2. exd5 Nf6 3. d4 Nxd5 4. Nf3 Bg4 5. Be2 Nc6 6. O-O e6 7. c4 Nb6 8. b3
Be7 9. Bb2 O-O 10. Na3 Bf6 11. Nc2 a5 12. Ne5 Bxe2 13. Qxe2 Bxe5 14. dxe5 Qh4
15. f4 Rfd8 16. Qe4 Qe7 17. f5 exf5 18. Rxf5 Qe6 19. Raf1 Rd7 20. Rf6 gxf6 21.
Rxf6 Rd1+ 22. Ne1 Rxe1+ 23. Qxe1 Qg4 24. Rf3 Qe6 25. Rf6 Qg4 26. e6 fxe6 27.
Rf3 Qh5 28. Qxe6+ 1-0

[Event "XXIX Põlva suveturniir"]
[Site "Põlva"]
[Date "2008.08.17"]
[Round "7"]
[White "Sarapik, Kristjan"]
[Black "Kunitsõn, Nikolai"]
[Result "0-1"]
[WhiteElo "2135"]
[BlackElo "2187"]
[PlyCount "80"]
[EventDate "2008.08.15"]
[EventRounds "7"]
[SourceDate "2008.08.15"]

1. d4 d5 2. c4 c6 3. Nf3 Nf6 4. Nc3 e6 5. e3 Nbd7 6. Bd3 dxc4 7. Bxc4 b5 8. Bd3
Bb7 9. O-O a6 10. e4 c5 11. d5 c4 12. dxe6 fxe6 13. Bc2 Qc7 14. Ng5 Nc5 15. e5
Qxe5 16. Re1 Qd6 17. Qxd6 Bxd6 18. Nxe6 Nxe6 19. Rxe6+ Kd7 20. Bf5 Kc7 21. Re1
g6 22. Bh3 b4 23. Ne2 Rhe8 24. Bf4 Bxf4 25. Nxf4 Rxe1+ 26. Rxe1 Re8 27. Rc1 Kb6
28. f3 g5 29. Ne6 Bd5 30. Nxg5 Kc5 31. Bf5 h6 32. Ne4+ Bxe4 33. Bxe4 Nxe4 34.
fxe4 Rxe4 35. Kf2 a5 36. Re1 Rxe1 37. Kxe1 Kd5 38. a4 Ke5 39. Ke2 Ke4 40. h3
Kf4 0-1

[Event "XXIX Põlva suveturniir"]
[Site "Põlva"]
[Date "2008.08.17"]
[Round "7"]
[White "Nassar, Askold"]
[Black "Raidla, Johannes"]
[Result "1-0"]
[WhiteElo "1961"]
[BlackElo "1872"]
[PlyCount "39"]
[EventDate "2008.08.15"]
[EventRounds "7"]
[SourceDate "2008.08.15"]

1. d4 e6 2. c4 d5 3. Nc3 Nf6 4. Nf3 a6 5. Bg5 Be7 6. e3 O-O 7. Bd3 dxc4 8. Bxc4
b5 9. Bd3 Bb7 10. Ne5 Nbd7 11. Nxd7 Nxd7 12. Bxe7 Qxe7 13. Be4 Bxe4 14. Nxe4 f5
15. Nc3 c5 16. dxc5 Nxc5 17. O-O Rad8 18. Qf3 e5 19. Qc6 Rf6 20. Nd5 1-0

[Event "XXIX Põlva suveturniir"]
[Site "Põlva"]
[Date "2008.08.17"]
[Round "7"]
[White "Karassev, Vladislav"]
[Black "Sander, Kristjan"]
[Result "0-1"]
[WhiteElo "1543"]
[BlackElo "2094"]
[PlyCount "60"]
[EventDate "2008.08.15"]
[EventRounds "7"]
[SourceDate "2008.08.15"]

1. c4 c5 2. Nc3 b6 3. Nf3 Bb7 4. g3 Nf6 5. Bg2 e6 6. O-O d6 7. d3 Nbd7 8. a3
Be7 9. b4 O-O 10. b5 d5 11. cxd5 exd5 12. e3 Qc7 13. Bb2 Rfd8 14. Qe2 Re8 15.
Rac1 Rac8 16. a4 Qb8 17. Qd2 Qa8 18. e4 dxe4 19. dxe4 Rcd8 20. Rfe1 Ne5 21. Nd5
Nxf3+ 22. Bxf3 Nxd5 23. exd5 Bxd5 24. Bxd5 Rxd5 25. Qe3 Rdd8 26. Rcd1 Rxd1 27.
Rxd1 Bf6 28. Qd2 Rd8 29. Qc1 Rxd1+ 30. Qxd1 Bxb2 0-1

[Event "XXIX Põlva suveturniir"]
[Site "Põlva"]
[Date "2008.08.17"]
[Round "7"]
[White "Siidirätsep, Endel"]
[Black "Ojar, Richard"]
[Result "1-0"]
[WhiteElo "1946"]
[BlackElo "1205"]
[PlyCount "35"]
[EventDate "2008.08.15"]
[EventRounds "7"]
[SourceDate "2008.08.15"]

1. d4 d5 2. c4 Nf6 3. g3 Nc6 4. Nc3 Be6 5. cxd5 Nxd5 6. Bg2 g6 7. Nf3 Nxc3 8.
bxc3 Bg7 9. O-O O-O 10. e3 Bc4 11. Re1 e6 12. Nd2 Bd5 13. e4 Bxe4 14. Nxe4 Re8
15. Nc5 Rb8 16. Rb1 Qc8 17. Bf4 b6 18. Bxc6 1-0

[Event "XXIX Põlva suveturniir"]
[Site "Põlva"]
[Date "2008.08.17"]
[Round "7"]
[White "Ots, Heikki"]
[Black "Kass, Viktor"]
[Result "0-1"]
[WhiteElo "1962"]
[BlackElo "1911"]
[PlyCount "59"]
[EventDate "2008.08.15"]
[EventRounds "7"]
[SourceDate "2008.08.15"]

1. e4 e6 2. d4 d5 3. Nd2 Nf6 4. Bd3 c5 5. c3 Nc6 6. e5 Nd7 7. Ne2 Be7 8. O-O f5
9. Nf4 Nf8 10. Bb5 Bd7 11. Bxc6 bxc6 12. b3 a5 13. Qh5+ g6 14. Qh6 Rg8 15. Nf3
cxd4 16. cxd4 c5 17. dxc5 Bxc5 18. Nd3 Be7 19. Ng5 Bb5 20. Rd1 a4 21. b4 Bxd3
22. Rxd3 Bxb4 23. Rh3 Ra7 24. Rb1 Qc7 25. Nf3 Qc2 26. Nd2 Bxd2 27. Rb8+ Kf7 28.
Qxd2 Rc7 29. Qxc2 Rxc2 30. Bh6 0-1

[Event "XXIX Põlva suveturniir"]
[Site "Põlva"]
[Date "2008.08.17"]
[Round "7"]
[White "Popman, Genadi"]
[Black "Narusberg, Peep"]
[Result "0-1"]
[WhiteElo "1835"]
[BlackElo "2006"]
[PlyCount "52"]
[EventDate "2008.08.15"]
[EventRounds "7"]
[SourceDate "2008.08.15"]

1. Nf3 f5 2. g3 Nf6 3. Bg2 e6 4. c4 d5 5. O-O c6 6. d3 Be7 7. b3 O-O 8. Bb2 Bd7
9. Na3 Be8 10. Nc2 Bh5 11. Ne5 Nbd7 12. Nxd7 Nxd7 13. f4 Nf6 14. Qc1 a5 15. Qe3
Qd7 16. Nd4 Bf7 17. Nf3 Ng4 18. Qd2 Bb4 19. Qc1 Bc5+ 20. d4 Bd6 21. h3 Nh6 22.
c5 Bc7 23. Ne5 Qe8 24. Nxf7 Qxf7 25. Kh2 Qh5 26. Qe3 Ng4+ 0-1

[Event "XXIX Põlva suveturniir"]
[Site "Põlva"]
[Date "2008.08.17"]
[Round "7"]
[White "Komlev, Heino"]
[Black "Tobre, Andres"]
[Result "1/2-1/2"]
[WhiteElo "1792"]
[BlackElo "1717"]
[PlyCount "21"]
[EventDate "2008.08.15"]
[EventRounds "7"]
[SourceDate "2008.08.15"]

1. d4 Nf6 2. c4 g6 3. Nc3 d5 4. e3 Bg7 5. Nf3 O-O 6. Bd3 c6 7. Ne5 Nbd7 8. cxd5
Nxe5 9. dxe5 Nxd5 10. O-O Nxc3 11. bxc3 1/2-1/2